| 000 | 01166nam a2200217 a 4500 | ||
|---|---|---|---|
| 005 | 20140310183611.0 | ||
| 008 | 120829s19uu xx 00 eng d | ||
| 020 | _a9781422120644 | ||
| 050 |
_aHF 5381 _b.Er5855 2010 |
||
| 100 | _aErickson, Tamara J. | ||
| 245 |
_aWhat's next, Gen X? : _bkeeping up, moving ahead, and getting the career you want / _cTamara Erickson. |
||
| 260 |
_aBoston, Mass : _bHarvard Business Press, _c2010. |
||
| 300 |
_axv, 237 p. : _bill. ; _c23 cm. |
||
| 500 | _aIncludes bibliographical references and index. | ||
| 520 | _aShaping Generation X : your teen years -- Taking stock : Generation X today -- What are they thinking? : the other four generations -- What do you want? : resetting your life and work priorities -- A hard look at the options ahead : the reality of the changing workplace -- Trading up : making the organization you work for work for you -- Branching out : alternative workplaces and portfolio careers -- The neXt generation leader : why you're what we need now-- and how. | ||
| 521 | _aBSBA | ||
| 650 |
_aGeneration X _xEmployment |
||
| 650 | _aCareer development | ||
| 942 |
_cBK _2lcc _kFOR |
||
| 999 |
_c25245 _d25245 |
||